Normal view
MARC view
Entry Personal Name
001 - CONTROL NUMBER
- control field: 61420
003 - CONTROL NUMBER IDENTIFIER
- control field: dpl
005 - DATE AND TIME OF LATEST TRANSACTION
- control field: 20240130115658.0
008 - FIXED-LENGTH DATA ELEMENTS
- fixed length control field: 240130|| aca||aabn | a|a d
040 ## - CATALOGING SOURCE
- Original cataloging agency: dpl
- Transcribing agency: dpl
100 ## - HEADING--PERSONAL NAME
- Personal name: Sumantra Bose
670 ## - SOURCE DATA FOUND
- Source citation: Work cat.: (dpl)200442: Bose, Sugata 61419, Netaji, A Life in Picture/, 2022
